Anatomy for Diagnostic Imaging : (Record no. 35438)

MARC details
000 -LEADER
fixed length control field 00480nam a22001817a 4500
005 - DATE AND TIME OF LATEST TRANSACTION
control field 20240322112737.0
008 - FIXED-LENGTH DATA ELEMENTS--GENERAL INFORMATION
fixed length control field 240322b |||||||| |||| 00| 0 eng d
020 ## - INTERNATIONAL STANDARD BOOK NUMBER
ISBN 9780702029714
082 ## - DEWEY DECIMAL CLASSIFICATION NUMBER
Classification number 611
Item number RYA-A
100 ## - MAIN ENTRY--AUTHOR
Author Name Ryan Stephanie
245 ## - TITLE STATEMENT
Title Anatomy for Diagnostic Imaging :
Statement of responsibility, etc. Ryan Stephanie
250 ## - EDITION STATEMENT
Edition statement 3rd ed.
260 ## - PUBLICATION, DISTRIBUTION, ETC.
Place of Publication UK :
Name of publisher, distributor, etc. Elsevier ;
Date of publication, distribution, etc. 2011.
300 ## - PHYSICAL DESCRIPTION
Pages 337p. :
500 ## - GENERAL NOTE
General note include index .
650 ## - SUBJECT ADDED ENTRY--TOPICAL TERM
Subject / Department Medical / Anatomy
300 ## - PHYSICAL DESCRIPTION
-- ill ;
-- 27.5 cm.

No items available.

Powered by Koha